000 00910nam0a22002651 4500
001 rc\3149158
005 20250530072256.0
021 _aRU
_b96-ВИ-4270/16
035 _a(NLR Aleph) 007295501
090 _a5655054
_c5655054
100 _a20120615d1975 |||y0rusy50 ca
101 0 _arus
102 _aRU
105 _ay z |||||
200 1 _aОтчет о командировке в США
_fАН СССР. ВИНИТИ
210 _aМосква
_cБ. и.
_d1975
215 _a16 с.
_d21
300 _aПеред загл. авт.: Н.Г. Рамбиди; на 2-й с. - проф. Н.Г. Рамбиди
532 1 2 _aОтчет о командировке в Соединенные Штаты Америки
700 1 _aРамбиди
_bН.Г.
_gНиколай Георгиевич
801 0 _aRU
_bNLR
_gpsbo
801 1 _aRU
_bELAR
_2rusmarc
852 _aNLR
_j96-6/1348
942 _cBOOK
980 _aNB